| 000 | 00431nam a2200157Ia 4500 | ||
|---|---|---|---|
| 999 |
_c19601 _d19601 |
||
| 003 | OSt | ||
| 005 | 20200625095320.0 | ||
| 008 | 190216s9999||||xx |||||||||||||| ||und|| | ||
| 040 | _coclc | ||
| 082 |
_a954 _bAKB/I |
||
| 100 |
_aAkbar, M J _93216 |
||
| 245 | 0 |
_aIndia: The Siege Within / _cM J Akbar |
|
| 260 |
_bPenguin Books, _c1985. _aEngland: |
||
| 300 | _a325p | ||
| 942 |
_cBK _2ddc _h954 _iAKB/I _k954 _mAKB/I |
||